El poder de las naciones

সংরক্ষণ করুন:
গ্রন্থ-পঞ্জীর বিবরন
প্রধান লেখক: Knorr, Klaus E (Author)
বিন্যাস: গ্রন্থ
ভাষা:স্প্যানিশ
প্রকাশিত: Buenos Aires de Belgrano 1981
মালা:Testimonios Contemporaneos
বিষয়গুলি:
ট্যাগগুলো: ট্যাগ যুক্ত করুন
কোনো ট্যাগ নেই, প্রথমজন হিসাবে ট্যাগ করুন!

MARC

LEADER 00000nam a2200000 a 4500
001 UCO8261
003 CL-VaPUC
008 001201e19810000AG |||||||||||||||||spa|d
082 0 4 |a 327.1  |b KNO  |2 21 
100 |a Knorr, Klaus E  |e author  |9 453164 
245 1 3 |a El poder de las naciones 
300 |a 503 p 
942 |c BK 
945 |d 20001201 00:00:00  |a crobeson 
260 |a Buenos Aires  |b de Belgrano  |c 1981 
500 |a Donación del profesor Manfred Wilhelmy von Wolff 
650 0 |a Relaciones Internacionales  |9 255740 
650 0 |a Poder político  |9 255509 
650 7 |a PODER MILITAR  |2 CL-VaPUC  |9 397577 
650 7 |a PODER ECONOMICO  |2 CL-VaPUC  |9 338221 
650 7 |a CONFLICTOS INTERNACIONALES  |2 CL-VaPUC  |9 334143 
583 |a last modification  |c 20001201 00:00:00  |k Rodrigo Vera 
490 0 |a Testimonios Contemporaneos 
999 |c 292987  |d 292985 
952 |0 0  |1 0  |4 0  |6 327_100000000000000_KNO_1981  |7 0  |8 A  |9 344075  |a BIBHIS  |b BIBHIS  |d 2019-11-20  |i 1231367  |o 327.1 KNO 1981  |p 1231367  |r 2025-01-20  |w 2019-11-20  |y BK  |k HIS